English-Speaking Countries of The Americas - Statistics

General Stats
  • This quiz has been taken 1,465 times
  • The average score is 12 of 14
Answer Stats
Country % Correct
United States
99%
Canada
98%
Jamaica
91%
Bahamas
90%
Barbados
90%
St. Lucia
89%
Antigua and Barbuda
88%
St. Kitts and Nevis
88%
St. Vincent and Grenadines
88%
Trinidad and Tobago
87%
Belize
86%
Dominica
86%
Grenada
83%
Guyana
77%
No matching quizzes found
Score Distribution
Percent of People with Each Score
Percentile by Number Answered
Your Score History
You have not taken this quiz